[Event "SVK-chT4 A21 2223"]
[Site "Slovakia"]
[Date "2023.03.26"]
[Round "11.1"]
[White "Rehak, Vladimir"]
[Black "Lauko, Tomas"]
[Result "1-0"]
[WhiteElo "1589"]
[BlackElo "1709"]
[PlyCount "101"]
[EventDate "2022.10.09"]
[EventType "team-tourn"]
[EventRounds "11"]
[EventCountry "SVK"]
[SourceTitle "EXT 2024"]
[Source "ChessBase"]
[SourceDate "2023.10.10"]
[SourceVersion "1"]
[SourceVersionDate "2023.10.10"]
[SourceQuality "1"]
[WhiteTeam "Myjava Spartak"]
[BlackTeam "Gbely Interchess"]
[WhiteTeamCountry "SVK"]
[BlackTeamCountry "SVK"]

1. e4 d5 2. exd5 Qxd5 3. Nc3 Qa5 4. d4 Nc6 5. Nf3 Nb4 6. Bc4 Bf5 7. Bb3 e6 8. 0-0 Bg4 9. h3 Bh5 10. Be3 0-0-0 11. g4 Bg6 12. Ne2 h5 13. g5 Qf5 14. Kg2 Nxc2 15. Rc1 Nxe3+ 16. fxe3 Qa5 17. h4 Bd6 18. Nc3 Ne7 19. Bc2 f6 20. Bxg6 Nxg6 21. Qc2 Nxh4+ 22. Kf2 Nxf3 23. Kxf3 fxg5 24. Ke2 h4 25. Ne4 c6 26. Rf7 Rd7 27. Rcf1 Bg3 28. Nc3 Rhd8 29. Qb3 e5 30. Qe6 Qc7 31. Ne4 exd4 32. Nc5 Qd6 33. Rxd7 Rxd7 34. Qf5 Kc7 35. Nxd7 Qxd7 36. Qxd7+ Kxd7 37. Rf7+ Ke6 38. Rxg7 Kf6 39. Rxb7 dxe3 40. Kxe3 Bh2 41. Kf3 Kf5 42. Rxa7 g4+ 43. Kg2 Be5 44. b3 h3+ 45. Kh1 Kf4 46. Rf7+ Ke3 47. Rh7 Kf2 48. Rf7+ Ke2 49. Re7 Kf3 50. Rxe5 g3 51. Rg5 1-0

[Event "SVK-chT3A2 2223"]
[Site "Slovakia"]
[Date "2022.12.18"]
[Round "4.6"]
[White "Lauko, Tomas"]
[Black "Benci, Jozef1"]
[Result "0-1"]
[WhiteElo "1741"]
[BlackElo "1638"]
[PlyCount "138"]
[EventDate "2022.10.16"]
[EventType "team-tourn"]
[EventRounds "9"]
[EventCountry "SVK"]
[SourceTitle "EXT 2024"]
[Source "ChessBase"]
[SourceDate "2023.10.10"]
[SourceVersion "1"]
[SourceVersionDate "2023.10.10"]
[SourceQuality "1"]
[WhiteTeam "Gbely Nafta"]
[BlackTeam "Skalica"]
[WhiteTeamCountry "SVK"]
[BlackTeamCountry "SVK"]

1. e4 c5 2. Nc3 d6 3. Bc4 Nf6 4. Nge2 g6 5. 0-0 Bg7 6. d3 0-0 7. Bg5 Nc6 8. Qd2 Bd7 9. Bh6 Rc8 10. Bxg7 Kxg7 11. a3 a6 12. Rab1 b5 13. Ba2 Qa5 14. Ra1 Nd4 15. Rfd1 Bg4 16. h3 Bxh3 17. Nxd4 cxd4 18. Ne2 Qxd2 19. Rxd2 Bd7 20. Nxd4 e5 21. Ne2 Be6 22. Bxe6 fxe6 23. f3 Nh5 24. c3 Nf4 25. a4 Nxe2+ 26. Rxe2 bxa4 27. Rxa4 Rc6 28. c4 Rb8 29. b4 Kf6 30. Rea2 Rbb6 31. Kf2 h6 32. g3 Ke7 33. Ke3 Rc7 34. Rh2 h5 35. Rha2 Rcb7 36. Rb2 Rb8 37. f4 exf4+ 38. gxf4 Rc8 39. Rg2 Kf6 40. Rga2 Rcc6 41. Rg2 Rc7 42. Rg5 e5 43. Rg2 exf4+ 44. Kxf4 Rcb7 45. c5 dxc5 46. bxc5 Rc6 47. d4 Rh7 48. Ra5 Kg7 49. e5 h4 50. Rh2 g5+ 51. Kg4 Rhh6 52. d5 Rc8 53. c6 Rf8 54. c7 Rf4+ 55. Kh3 g4+ 56. Kg2 Rc4 57. d6 Rh8 58. Ra2 Rc3 59. e6 h3+ 60. Kf1 g3 61. Rhc2 Rxc2 62. Rxc2 h2 63. c8Q h1Q+ 64. Ke2 Rxc8 65. Rxc8 Qe4+ 66. Kf1 Qxe6 67. Rc7+ Kg6 68. d7 Qf6+ 69. Ke1 Qe5+ 0-1

[Event "SVK-chT4 A21 1516"]
[Site "Slovakia"]
[Date "2015.10.04"]
[Round "1.3"]
[White "Lauko, Tomas"]
[Black "Musaev, Matej Elbek"]
[Result "0-1"]
[WhiteElo "1680"]
[BlackElo "1392"]
[PlyCount "124"]
[EventDate "2015.10.04"]
[EventType "team-tourn"]
[EventRounds "11"]
[EventCountry "SVK"]
[SourceTitle "CBM 170 Extra"]
[Source "ChessBase"]
[SourceDate "2016.02.25"]
[SourceVersion "1"]
[SourceVersionDate "2016.02.25"]
[SourceQuality "1"]
[WhiteTeam "Senica SK II"]
[BlackTeam "Piestany Kupele II"]
[WhiteTeamCountry "SVK"]
[BlackTeamCountry "SVK"]

1. e4 c5 2. c4 Nc6 3. Nf3 e5 4. Nc3 Nf6 5. d3 a6 6. Nd5 Bd6 7. Bg5 Be7 8. Qd2 d6 9. a4 Nxd5 10. cxd5 Bxg5 11. Nxg5 Nd4 12. Nf3 Nb3 13. Qd1 Nxa1 14. Qxa1 Bd7 15. Nd2 b5 16. a5 0-0 17. Be2 f5 18. g3 f4 19. g4 Qc7 20. h3 Rab8 21. b3 b4 22. Nc4 Bb5 23. f3 Bxc4 24. dxc4 Qe7 25. h4 Rf6 26. Kd2 Rh6 27. h5 g6 28. Bf1 gxh5 29. gxh5 Kh8 30. Qa4 Qc7 31. Rh4 Rd8 32. Qc6 Qxc6 33. dxc6 Rc8 34. Bh3 Rxc6 35. Bg4 Rc7 36. Ke2 Rf6 37. Rh2 Rf8 38. Rh1 Rg7 39. Rd1 Rd8 40. Kf2 Kg8 41. Rd2 Kf7 42. Kg2 Ke7 43. Kh3 Rdg8 44. Rg2 Rg5 45. Kh4 Kf6 46. Rg1 h6 47. Rg2 Ke7 48. Rg1 R5g7 49. Rg2 d5 50. cxd5 Kd6 51. Rc2 Rc7 52. Rc4 Rb8 53. Rc2 Rb5 54. Ra2 c4 55. bxc4 Rxc4 56. Bh3 b3 57. Rg2 b2 58. Rg6+ Kc5 59. Bf1 Kd4 60. d6 b1Q 61. d7 Rb8 62. Rd6+ Kc5 0-1

[Event "SVK-chT5 SE-SI 1415"]
[Site "Slovakia"]
[Date "2015.01.10"]
[Round "6.4"]
[White "Lauko, Tomas"]
[Black "Vozarova, Adriana"]
[Result "1-0"]
[WhiteElo "1476"]
[BlackElo "1444"]
[PlyCount "117"]
[EventDate "2014.10.18"]
[EventType "team-tourn"]
[EventRounds "11"]
[EventCountry "SVK"]
[SourceTitle "EXT 2022"]
[Source "ChessBase"]
[SourceDate "2021.10.06"]
[SourceVersion "1"]
[SourceVersionDate "2021.10.06"]
[SourceQuality "1"]
[WhiteTeam "Senica Slovakia"]
[BlackTeam "Stefanov II"]
[WhiteTeamCountry "SVK"]
[BlackTeamCountry "SVK"]

1. e4 e5 2. Nf3 Nc6 3. Bc4 Nf6 4. d3 d6 5. Bg5 Be7 6. c3 Bg4 7. Nbd2 0-0 8. h3 Bh5 9. Qc2 a6 10. a3 Re8 11. g4 Bg6 12. Nh4 d5 13. Nxg6 fxg6 14. exd5 Nxd5 15. Bxe7 Rxe7 16. Qb3 Rd7 17. Qxb7 Na5 18. Qb4 Nxc4 19. Qxc4 Kh8 20. 0-0-0 Nf4 21. Nf3 Nxd3+ 22. Rxd3 Rxd3 23. Nxe5 Qd5 24. Qxd3 Qxh1+ 25. Kc2 Rf8 26. Kb3 Qb7+ 27. Ka2 Qb5 28. Qxb5 axb5 29. f3 Re8 30. f4 Rf8 31. Nd3 Kg8 32. Kb3 Kf7 33. Kb4 c6 34. Kc5 Rc8 35. Ne5+ Ke7 36. g5 Ke6 37. b3 Ke7 38. c4 bxc4 39. Nxc4 Kd7 40. Nb6+ Kc7 41. Nxc8 Kxc8 42. Kxc6 Kd8 43. a4 Ke7 44. a5 Ke6 45. a6 Kf5 46. a7 Kxf4 47. a8Q Kxg5 48. b4 Kh4 49. Qc8 Kg5 50. Qg4+ Kf6 51. b5 g5 52. b6 g6 53. b7 h5 54. Qd4+ Kf5 55. b8R g4 56. Rf8+ Kg5 57. Qd8+ Kh6 58. Rh8+ Kg7 59. Qf8# 1-0

[Event "SVK-chT5 SE-SI 1415"]
[Site "Slovakia"]
[Date "2014.10.18"]
[Round "1.4"]
[White "Lauko, Tomas"]
[Black "Steiner, Juraj"]
[Result "1-0"]
[WhiteElo "1476"]
[BlackElo "1974"]
[PlyCount "85"]
[EventDate "2014.10.18"]
[EventType "team-tourn"]
[EventRounds "11"]
[EventCountry "SVK"]
[SourceTitle "EXT 2022"]
[Source "ChessBase"]
[SourceDate "2021.10.06"]
[SourceVersion "1"]
[SourceVersionDate "2021.10.06"]
[SourceQuality "1"]
[WhiteTeam "Senica Slovakia"]
[BlackTeam "Holic II"]
[WhiteTeamCountry "SVK"]
[BlackTeamCountry "SVK"]

1. e4 e5 2. Nf3 Nf6 3. Nc3 Bc5 4. Nxe5 d6 5. Nd3 Bb6 6. f3 0-0 7. Na4 c5 8. Nxb6 Qxb6 9. Nf4 Re8 10. d3 d5 11. Be2 d4 12. 0-0 Nc6 13. a3 h6 14. c4 dxc3 15. bxc3 c4+ 16. d4 Re5 17. Kh1 Rb5 18. Bxc4 Rb1 19. Rxb1 Qxb1 20. d5 Na5 21. Qd4 b5 22. Be3 Qb2 23. Bd3 Qxa3 24. Bxb5 Rb8 25. c4 Nb3 26. Qxa7 Qxa7 27. Bxa7 Ra8 28. Be3 g5 29. Nd3 Na1 30. Bd4 Nb3 31. Bxf6 Nd2 32. Ra1 Rb8 33. e5 Nb3 34. Ra7 Bb7 35. e6 Ra8 36. Rxb7 Ra1+ 37. Bxa1 Nxa1 38. e7 h5 39. e8Q+ Kg7 40. d6 Kf6 41. Rxf7+ Kg6 42. Ne5+ Kh6 43. Qf8# 1-0